| 000 | 01892aam a2200313 i 4500 | ||
|---|---|---|---|
| 001 | 768714001 | ||
| 003 | CO-MdFUSB | ||
| 005 | 20250730170423.0 | ||
| 007 | cr aa aaaaa | ||
| 008 | 240406t2010 ck ||||| |||| 00| 0 spa d | ||
| 040 | _cCO-MdFUSB | ||
| 041 | _aspa | ||
| 100 | 1 |
_aCalderón Barrios, Laura Mariá _eautor |
|
| 245 | 1 | 0 |
_a¿Cómo se transmite teología a través del arte pictórico? _c/ Laura María Calderón Barrios ; asesorado por David Ford _h[electrónico] |
| 264 |
_aMedellín, Colombia : _bFUSBC, _c[2010] |
||
| 300 | _a96 páginas | ||
| 336 |
_2rdacontent _atexto _btxt |
||
| 337 |
_2rdamedia _ainformático _bc |
||
| 338 |
_2rdacarrier _aremoto _bcr |
||
| 502 |
_aTrabajo de grado _bTeología -- _cFundación Universitaria Seminario Bíblico de Colombia, _d2010 |
||
| 505 | _aEl arte como medio de expresión -- Exégesis Juan 11:1 - 45. -- La resurrección de Lázaro -- Análisis de algunas obras de arte referentes a la resurrección de Lázaro diferentes a las obras de Rembrandt -- La teología de Rembrandt en La resurrección de Lázaro. | ||
| 520 | _aEl arte pictórico ha sido parte de la historia de la Iglesia cristiana desde sus inicios. En la historia se puede notar el valor que ha tenido como medio para comunicar la fe y la teología. Sin embargo, por diferentes circunstancias este fecundo terreno ha sido dejado a un lado por el común de la iglesia latinoamericana de hoy. Por eso vale la pena echar un vistazo a una de las pinturas de un maestro del arte, quien comunicó su fe por medio del arte. Nos referimos, por supuesto a Rembrandt y su obra sobre la resurrección de Lázaro (Juan 11). | ||
| 535 | _aRecurso en REPCI | ||
| 650 | 1 | 0 |
_aArte y simbolismo cristiano _91142 |
| 650 | 1 | 7 |
_aArte y religión _96946 |
| 700 |
_aFord, David, _99184 _easesor |
||
| 856 |
_aREPCI _uhttps://repositorio.repci.co/handle/123456789/656 |
||
| 942 | _cTG | ||
| 999 |
_c33367 _d33367 |
||